[Event "Praha"]
[Site "?"]
[Date "2023.01.12"]
[Round "8.13"]
[White "Chubakov, Sultan"]
[Black "Unneland, Mathias"]
[Result "1-0"]
[BlackElo "2217"]
[WhiteElo "2039"]
[LiveChessVersion "1.4.8"]

1. d4 {[%clk 1:30:48]} Nf6 {[%clk 1:30:36]} 2. c4 {[%clk 1:31:09]} e6
{[%clk 1:29:56]} 3. g3 {[%clk 1:31:08]} d5 {[%clk 1:29:29]} 4. Nf3
{[%clk 1:31:28]} Be7 {[%clk 1:27:55]} 5. Bg2 {[%clk 1:31:50]} O-O
{[%clk 1:27:57]} 6. O-O {[%clk 1:32:08]} c6 {[%clk 1:25:53]} 7. Nbd2
{[%clk 1:32:27]} b6 {[%clk 1:24:23]} 8. Qc2 {[%clk 1:32:47]} c5 {[%clk 1:19:13]}
9. dxc5 {[%clk 1:32:30]} bxc5 {[%clk 1:18:49]} 10. cxd5 {[%clk 1:32:42]} exd5
{[%clk 1:18:37]} 11. e4 {[%clk 1:32:39]} Nc6 {[%clk 1:16:53]} 12. a3
{[%clk 1:32:40]} Ba6 {[%clk 1:15:08]} 13. Re1 {[%clk 1:25:42]} dxe4
{[%clk 1:05:23]} 14. Nxe4 {[%clk 1:25:42]} Bd3 {[%clk 1:01:29]} 15. Nxf6+
{[%clk 1:25:45]} Bxf6 {[%clk 1:01:53]} 16. Qxc5 {[%clk 1:21:25]} Na5
{[%clk 0:53:22]} 17. Nd2 {[%clk 0:42:30]} Rc8 {[%clk 0:38:40]} 18. Qh5
{[%clk 0:38:27]} Bd4 {[%clk 0:32:29]} 19. Be4 {[%clk 0:32:45]} Bxe4
{[%clk 0:31:38]} 20. Rxe4 {[%clk 0:24:06]} f5 {[%clk 0:23:30]} 21. Rh4
{[%clk 0:17:01]} h6 {[%clk 0:23:30]} 22. Qf3 {[%clk 0:15:10]} Rc2
{[%clk 0:11:47]} 23. Qd1 {[%clk 0:13:33]} Bxb2 {[%clk 0:10:11]} 24. Qxc2
{[%clk 0:13:33]} Bxa1 {[%clk 0:10:34]} 25. Qa2+ {[%clk 0:13:43]} Kh7
{[%clk 0:10:00]} 26. Qxa1 {[%clk 0:13:48]} Re8 {[%clk 0:10:08]} 27. Qc3
{[%clk 0:12:01]} g5 {[%clk 0:05:47]} 28. Rd4 {[%clk 0:11:54]} Re1+
{[%clk 0:05:02]} 29. Kg2 {[%clk 0:11:59]} Rxc1 {[%clk 0:00:40]} 30. Qxc1
{[%clk 0:12:25]} Qxd4 {[%clk 0:01:02]} 31. Qc7+ {[%clk 0:12:52]} Kg6
{[%clk 0:01:19]} 32. Qxa5 {[%clk 0:13:15]} g4 {[%clk 0:01:26]} 33. Qb4
{[%clk 0:12:31]} Qd5+ {[%clk 0:01:48]} 34. Kg1 {[%clk 0:12:43]} h5
{[%clk 0:01:45]} 35. Nf1 {[%clk 0:11:47]} 1-0

[Event "Praha"]
[Site "?"]
[Date "2023.01.12"]
[Round "8.14"]
[White "Mach, Petr"]
[Black "Cieslak, Patryk"]
[Result "1/2-1/2"]
[BlackElo "2094"]
[WhiteElo "2205"]
[LiveChessVersion "1.4.8"]

1. Nf3 {[%clk 1:30:59]} c5 {[%clk 1:30:56]} 2. g3 {[%clk 1:31:26]} Nc6
{[%clk 1:31:13]} 3. d4 {[%clk 1:31:51]} cxd4 {[%clk 1:31:03]} 4. Nxd4
{[%clk 1:32:16]} g6 {[%clk 1:30:52]} 5. Bg2 {[%clk 1:27:10]} Bg7 {[%clk 1:30:35]}
6. Nb3 {[%clk 1:27:30]} Nf6 {[%clk 1:26:32]} 7. Nc3 {[%clk 1:27:47]} O-O
{[%clk 1:25:55]} 8. O-O {[%clk 1:26:58]} d6 {[%clk 1:24:38]} 9. e4
{[%clk 1:21:55]} a6 {[%clk 1:21:56]} 10. h3 {[%clk 1:20:58]} Bd7 {[%clk 1:20:15]}
11. Be3 {[%clk 1:17:49]} Rc8 {[%clk 1:15:15]} 12. f4 {[%clk 1:08:02]} b5
{[%clk 1:10:40]} 13. a3 {[%clk 1:07:26]} Be6 {[%clk 0:57:54]} 14. Nd5
{[%clk 0:49:04]} Bxd5 {[%clk 0:52:21]} 15. exd5 {[%clk 0:49:10]} Na5
{[%clk 0:52:21]} 16. Nxa5 {[%clk 0:49:33]} Qxa5 {[%clk 0:52:49]} 17. c3
{[%clk 0:49:35]} Nd7 {[%clk 0:47:08]} 18. Qe2 {[%clk 0:42:37]} Qc7
{[%clk 0:41:01]} 19. Rae1 {[%clk 0:37:22]} Nb6 {[%clk 0:38:25]} 20. f5
{[%clk 0:35:06]} Nc4 {[%clk 0:36:06]} 21. Bd4 {[%clk 0:32:19]} Ne5
{[%clk 0:33:46]} 22. g4 {[%clk 0:28:06]} Qc4 {[%clk 0:26:29]} 23. Qd2
{[%clk 0:24:58]} a5 {[%clk 0:22:19]} 24. g5 {[%clk 0:23:26]} Qd3 {[%clk 0:22:08]}
25. Qxd3 {[%clk 0:20:36]} Nxd3 {[%clk 0:22:35]} 26. Bxg7 {[%clk 0:20:55]} Nxe1
{[%clk 0:16:44]} 27. Bxf8 {[%clk 0:21:08]} Nxg2 {[%clk 0:17:12]} 28. fxg6
{[%clk 0:18:32]} hxg6 {[%clk 0:13:37]} 29. Bxe7 {[%clk 0:18:34]} Ne3
{[%clk 0:14:05]} 30. Re1 {[%clk 0:18:16]} Nxd5 {[%clk 0:12:53]} 31. Bxd6
{[%clk 0:18:41]} Nb6 {[%clk 0:09:54]} 32. b3 {[%clk 0:14:27]} a4 {[%clk 0:09:40]}
33. Rb1 {[%clk 0:08:08]} Rc6 {[%clk 0:05:54]} 34. Be5 {[%clk 0:07:53]} axb3
{[%clk 0:01:55]} 35. Rxb3 {[%clk 0:08:18]} Rc5 {[%clk 0:01:56]} 36. Bf6
{[%clk 0:04:18]} Nd7 {[%clk 0:01:32]} 37. Be7 {[%clk 0:03:07]} Re5
{[%clk 0:02:00]} 38. Bd8 {[%clk 0:03:21]} Rd5 {[%clk 0:01:43]} 39. Rb4
{[%clk 0:02:51]} Ne5 {[%clk 0:01:02]} 40. Bf6 {[%clk 0:02:12]} Nd7
{[%clk 0:00:51]} 41. Be7 {[%clk 0:28:58]} Re5 {[%clk 0:25:36]} 42. Bd8
{[%clk 0:29:18]} Re8 {[%clk 0:25:00]} 43. Bc7 {[%clk 0:29:29]} Rc8
{[%clk 0:23:55]} 44. Bd6 {[%clk 0:29:10]} Rc6 {[%clk 0:24:02]} 45. Be7
{[%clk 0:20:26]} Re6 {[%clk 0:24:03]} 46. Bd8 {[%clk 0:20:51]} Re8
{[%clk 0:24:26]} 47. Ba5 {[%clk 0:20:32]} Re5 {[%clk 0:24:22]} 48. h4
{[%clk 0:19:39]} Kf8 {[%clk 0:22:27]} 49. Bc7 {[%clk 0:18:09]} Rd5
{[%clk 0:22:18]} 50. c4 {[%clk 0:17:26]} bxc4 {[%clk 0:22:19]} 51. Rxc4
{[%clk 0:17:50]} f6 {[%clk 0:21:56]} 52. gxf6 {[%clk 0:14:08]} Nxf6
{[%clk 0:22:13]} 53. a4 {[%clk 0:14:31]} g5 {[%clk 0:21:33]} 54. hxg5
{[%clk 0:11:57]} Rxg5+ {[%clk 0:21:59]} 55. Kf2 {[%clk 0:12:01]} Rg4
{[%clk 0:19:38]} 56. Bf4 {[%clk 0:09:32]} Ke7 {[%clk 0:16:45]} 57. a5
{[%clk 0:08:42]} Rg8 {[%clk 0:16:46]} 58. Rc7+ {[%clk 0:07:23]} Ke6
{[%clk 0:16:41]} 59. Rc6+ {[%clk 0:07:30]} Kf5 {[%clk 0:16:41]} 60. Kf3
{[%clk 0:06:56]} Nd7 {[%clk 0:16:24]} 61. Rc7 {[%clk 0:02:52]} Ne5+
{[%clk 0:16:35]} 1/2-1/2

[Event "Praha"]
[Site "?"]
[Date "2023.01.12"]
[Round "8.15"]
[White "Dudek, Vojtech"]
[Black "Bochnicka, Vladimir"]
[Result "1-0"]
[BlackElo "2345"]
[WhiteElo "2134"]
[LiveChessVersion "1.4.8"]

1. d4 {[%clk 1:30:56]} Nf6 {[%clk 1:30:53]} 2. Bf4 {[%clk 1:31:19]} g6
{[%clk 1:30:54]} 3. Nc3 {[%clk 1:31:19]} d5 {[%clk 1:29:28]} 4. Nf3
{[%clk 1:31:32]} Bg7 {[%clk 1:29:26]} 5. e3 {[%clk 1:31:34]} O-O {[%clk 1:28:28]}
6. Be2 {[%clk 1:31:02]} Bg4 {[%clk 1:24:35]} 7. h3 {[%clk 1:27:34]} Bxf3
{[%clk 1:24:42]} 8. Bxf3 {[%clk 1:27:51]} c6 {[%clk 1:24:53]} 9. g4
{[%clk 1:08:20]} Nfd7 {[%clk 1:14:30]} 10. Ne2 {[%clk 0:56:29]} e5
{[%clk 1:08:29]} 11. Bg3 {[%clk 0:56:30]} Na6 {[%clk 0:59:32]} 12. O-O
{[%clk 0:53:40]} Nc7 {[%clk 0:58:18]} 13. Bg2 {[%clk 0:50:08]} Ne6
{[%clk 0:54:06]} 14. c3 {[%clk 0:48:50]} f5 {[%clk 0:42:03]} 15. gxf5
{[%clk 0:42:14]} Rxf5 {[%clk 0:41:52]} 16. e4 {[%clk 0:40:10]} dxe4
{[%clk 0:37:32]} 17. Qb3 {[%clk 0:33:39]} Qe7 {[%clk 0:34:24]} 18. Bxe4
{[%clk 0:33:13]} Rf7 {[%clk 0:34:07]} 19. Qxb7 {[%clk 0:31:36]} Rb8
{[%clk 0:31:10]} 20. Qxc6 {[%clk 0:31:38]} Rxb2 {[%clk 0:29:27]} 21. Bd5
{[%clk 0:28:40]} Ng5 {[%clk 0:17:19]} 22. Rae1 {[%clk 0:23:59]} e4
{[%clk 0:09:35]} 23. Nf4 {[%clk 0:22:37]} Nf6 {[%clk 0:06:59]} 24. Bxf7+
{[%clk 0:20:29]} Qxf7 {[%clk 0:07:21]} 25. Rb1 {[%clk 0:19:02]} Qxa2
{[%clk 0:04:58]} 26. Rxb2 {[%clk 0:17:46]} Qxb2 {[%clk 0:05:25]} 27. Nd5
{[%clk 0:17:48]} Nxd5 {[%clk 0:01:55]} 28. Qxd5+ {[%clk 0:18:06]} Nf7
{[%clk 0:02:21]} 29. Re1 {[%clk 0:16:41]} Qxc3 {[%clk 0:02:03]} 30. Rxe4
{[%clk 0:16:55]} Bf6 {[%clk 0:01:56]} 31. Rf4 {[%clk 0:14:32]} Qe1+
{[%clk 0:02:03]} 32. Kg2 {[%clk 0:13:38]} Kg7 {[%clk 0:01:57]} 33. Re4
{[%clk 0:13:29]} Qb1 {[%clk 0:01:36]} 34. Be5 {[%clk 0:12:14]} Qb6
{[%clk 0:00:49]} 35. Rf4 {[%clk 0:12:20]} Nxe5 {[%clk 0:01:03]} 36. dxe5
{[%clk 0:12:34]} Bg5 {[%clk 0:01:30]} 37. Rf7+ {[%clk 0:11:57]} Kh6
{[%clk 0:01:56]} 38. Qd7 {[%clk 0:12:09]} 1-0

[Event "Praha"]
[Site "?"]
[Date "2023.01.12"]
[Round "8.16"]
[White "Zolfagharian, Kevin"]
[Black "Dietrich, Peter"]
[Result "1-0"]
[BlackElo "2062"]
[WhiteElo "2227"]
[LiveChessVersion "1.4.8"]

1. e4 {[%clk 1:30:05]} c6 {[%clk 1:30:40]} 2. d4 {[%clk 1:30:29]} d5
{[%clk 1:31:05]} 3. e5 {[%clk 1:30:55]} Bf5 {[%clk 1:31:20]} 4. g4
{[%clk 1:31:14]} Bg6 {[%clk 1:31:30]} 5. Ne2 {[%clk 1:31:38]} e6 {[%clk 1:27:23]}
6. Nf4 {[%clk 1:31:22]} Be7 {[%clk 1:19:41]} 7. Nc3 {[%clk 1:26:39]} Nd7
{[%clk 1:12:29]} 8. Be3 {[%clk 1:16:42]} a6 {[%clk 1:07:38]} 9. Qd2
{[%clk 1:11:41]} c5 {[%clk 1:05:47]} 10. O-O-O {[%clk 1:07:07]} cxd4
{[%clk 1:00:59]} 11. Bxd4 {[%clk 1:07:23]} Rc8 {[%clk 0:59:43]} 12. Bg2
{[%clk 0:41:47]} Bg5 {[%clk 0:57:21]} 13. h4 {[%clk 0:41:25]} Bxf4
{[%clk 0:52:22]} 14. Qxf4 {[%clk 0:41:53]} h6 {[%clk 0:50:09]} 15. Qe3
{[%clk 0:28:44]} Ne7 {[%clk 0:48:24]} 16. f4 {[%clk 0:28:47]} b5 {[%clk 0:45:16]}
17. a3 {[%clk 0:24:23]} a5 {[%clk 0:42:09]} 18. f5 {[%clk 0:24:13]} exf5
{[%clk 0:41:37]} 19. e6 {[%clk 0:21:58]} fxe6 {[%clk 0:35:49]} 20. Qxe6
{[%clk 0:17:08]} Bf7 {[%clk 0:34:44]} 21. Qe2 {[%clk 0:16:57]} O-O
{[%clk 0:34:09]} 22. Qxb5 {[%clk 0:14:54]} fxg4 {[%clk 0:31:24]} 23. Nxd5
{[%clk 0:12:13]} Nxd5 {[%clk 0:29:21]} 24. Bxd5 {[%clk 0:12:41]} Qc7
{[%clk 0:29:16]} 25. Bc3 {[%clk 0:08:22]} Nf6 {[%clk 0:25:27]} 26. Bxf7+
{[%clk 0:04:48]} Qxf7 {[%clk 0:25:46]} 27. Rhf1 {[%clk 0:03:18]} Qa2
{[%clk 0:22:01]} 28. Qb3+ {[%clk 0:00:43]} Qxb3 {[%clk 0:22:12]} 29. cxb3
{[%clk 0:01:12]} Ne4 {[%clk 0:20:56]} 30. Rxf8+ {[%clk 0:01:30]} Kxf8
{[%clk 0:19:54]} 31. Rf1+ {[%clk 0:01:24]} Kg8 {[%clk 0:20:00]} 32. Rf4
{[%clk 0:00:39]} Nxc3 {[%clk 0:19:51]} 33. bxc3 {[%clk 0:01:06]} Rxc3+
{[%clk 0:19:48]} 34. Kb2 {[%clk 0:01:35]} Rg3 {[%clk 0:19:27]} 35. b4
{[%clk 0:01:46]} axb4 {[%clk 0:17:56]} 36. axb4 {[%clk 0:02:15]} h5
{[%clk 0:15:56]} 37. Rf5 {[%clk 0:01:05]} Rf3 {[%clk 0:08:48]} 38. Rxh5
{[%clk 0:01:17]} Rf4 {[%clk 0:08:47]} 39. Kc3 {[%clk 0:01:08]} g3
{[%clk 0:08:16]} 40. Rg5 {[%clk 0:00:56]} Rxh4 {[%clk 0:08:32]} 41. Rxg3
{[%clk 0:01:25]} Kf7 {[%clk 0:07:50]} 42. b5 {[%clk 0:09:21]} Rh8
{[%clk 0:37:57]} 43. Rg5 {[%clk 0:06:38]} Kf6 {[%clk 0:37:39]} 44. Rc5
{[%clk 0:04:54]} g5 {[%clk 0:37:21]} 45. Kb4 {[%clk 0:03:21]} Kg6
{[%clk 0:35:51]} 46. Ka5 {[%clk 0:02:43]} Kh5 {[%clk 0:35:49]} 47. Ka6
{[%clk 0:01:55]} Rb8 {[%clk 0:35:15]} 48. Ka7 {[%clk 0:02:09]} Rxb5
{[%clk 0:35:31]} 49. Rxb5 Kh4 {[%clk 0:35:47]} 50. Kb6 {[%clk 0:02:45]} g4
{[%clk 0:36:11]} 51. Kc5 {[%clk 0:03:06]} g3 {[%clk 0:36:31]} 52. Kd4
{[%clk 0:03:12]} g2 {[%clk 0:36:14]} 53. Rb1 {[%clk 0:03:41]} Kg3
{[%clk 0:36:18]} 54. Ke3 {[%clk 0:04:09]} 1-0

[Event "Praha"]
[Site "?"]
[Date "2023.01.12"]
[Round "8.17"]
[White "Lohia, Sohum"]
[Black "Mannion, Stephen R"]
[Result "1/2-1/2"]
[BlackElo "2224"]
[WhiteElo "2096"]
[LiveChessVersion "1.4.8"]

1. e4 {[%clk 1:30:51]} e5 {[%clk 1:30:55]} 2. Nf3 {[%clk 1:30:58]} Nc6
{[%clk 1:31:20]} 3. Bb5 {[%clk 1:31:07]} a6 {[%clk 1:31:45]} 4. Ba4
{[%clk 1:31:17]} Nf6 {[%clk 1:32:07]} 5. d3 {[%clk 1:31:26]} b5 {[%clk 1:32:31]}
6. Bb3 {[%clk 1:31:36]} Bc5 {[%clk 1:32:54]} 7. a4 {[%clk 1:31:27]} Rb8
{[%clk 1:33:15]} 8. O-O {[%clk 1:31:32]} d6 {[%clk 1:33:04]} 9. axb5
{[%clk 1:31:31]} axb5 {[%clk 1:33:25]} 10. c3 {[%clk 1:31:18]} h6
{[%clk 1:30:16]} 11. Nbd2 {[%clk 1:29:43]} O-O {[%clk 1:30:21]} 12. Re1
{[%clk 1:28:21]} Re8 {[%clk 1:27:03]} 13. Nf1 {[%clk 1:27:33]} Bb6
{[%clk 1:20:27]} 14. Be3 {[%clk 1:25:53]} Be6 {[%clk 1:12:25]} 15. Bxe6
{[%clk 1:21:41]} Rxe6 {[%clk 1:12:45]} 16. Ra6 {[%clk 1:17:46]} Bxe3
{[%clk 1:06:52]} 17. Nxe3 {[%clk 1:17:19]} d5 {[%clk 1:04:49]} 18. Nf5
{[%clk 1:06:40]} dxe4 {[%clk 1:03:26]} 19. dxe4 {[%clk 1:06:32]} Qxd1
{[%clk 1:03:09]} 20. Rxd1 {[%clk 1:06:53]} Kf8 {[%clk 1:02:44]} 21. Ne3
{[%clk 0:55:58]} Nxe4 {[%clk 1:00:11]} 22. Rxc6 {[%clk 0:55:08]} Rxc6
{[%clk 0:59:01]} 23. Nxe5 {[%clk 0:55:26]} Rcb6 {[%clk 0:38:27]} 24. Nd7+
{[%clk 0:55:15]} Kg8 {[%clk 0:38:54]} 25. Nxb6 {[%clk 0:41:59]} Rxb6
{[%clk 0:37:23]} 26. Rd8+ {[%clk 0:39:59]} Kh7 {[%clk 0:37:51]} 27. Rd7
{[%clk 0:32:40]} Ra6 {[%clk 0:38:03]} 28. g3 {[%clk 0:07:11]} Ra2
{[%clk 0:38:14]} 29. Rxf7 {[%clk 0:03:07]} Rxb2 {[%clk 0:38:33]} 30. Rxc7
{[%clk 0:03:15]} Nxf2 {[%clk 0:37:16]} 31. Nf5 {[%clk 0:02:53]} Nh3+
{[%clk 0:35:43]} 32. Kh1 {[%clk 0:03:17]} Kg6 {[%clk 0:34:49]} 33. Nxg7
{[%clk 0:02:50]} Ng5 {[%clk 0:34:17]} 34. Kg1 {[%clk 0:01:35]} Nf3+
{[%clk 0:32:09]} 35. Kf1 {[%clk 0:02:03]} Nxh2+ {[%clk 0:32:21]} 36. Kg1
{[%clk 0:01:20]} Nf3+ {[%clk 0:32:24]} 37. Kf1 {[%clk 0:01:49]} Ng5
{[%clk 0:32:40]} 38. g4 {[%clk 0:01:24]} Ne4 {[%clk 0:31:52]} 39. Nf5
{[%clk 0:00:54]} Rc2 {[%clk 0:28:29]} 40. Nd4 {[%clk 0:00:36]} Rxc3
{[%clk 0:27:29]} 41. Nxb5 {[%clk 0:00:52]} Rg3 {[%clk 0:25:39]} 42. Rc6+
{[%clk 0:24:41]} Kg5 {[%clk 0:52:58]} 43. Nd6 {[%clk 0:23:44]} Nd2+
{[%clk 0:45:21]} 44. Ke2 {[%clk 0:22:10]} Rg2+ {[%clk 0:45:12]} 45. Kd3
{[%clk 0:21:51]} Kxg4 {[%clk 0:34:56]} 46. Rc2 {[%clk 0:21:27]} Rg3+
{[%clk 0:31:39]} 47. Kxd2 {[%clk 0:21:42]} Rg2+ {[%clk 0:32:04]} 48. Kd3
{[%clk 0:22:08]} Rxc2 1/2-1/2

[Event "Praha"]
[Site "?"]
[Date "2023.01.12"]
[Round "8.18"]
[White "Nemsadze, Daviti"]
[Black "Stevik, Patrik"]
[Result "0-1"]
[BlackElo "2222"]
[WhiteElo "2071"]
[LiveChessVersion "1.4.8"]

1. e4 {[%clk 1:30:56]} g6 {[%clk 1:30:07]} 2. d4 {[%clk 1:31:20]} Bg7
{[%clk 1:30:34]} 3. Nc3 {[%clk 1:31:48]} d6 {[%clk 1:30:57]} 4. Bg5
{[%clk 1:32:06]} h6 {[%clk 1:30:52]} 5. Be3 {[%clk 1:32:02]} a6 {[%clk 1:29:20]}
6. a4 {[%clk 1:27:40]} Nc6 {[%clk 1:27:42]} 7. d5 {[%clk 1:25:25]} Nb8
{[%clk 1:22:32]} 8. f4 {[%clk 1:19:49]} Nf6 {[%clk 1:17:49]} 9. Nf3
{[%clk 1:20:02]} c6 {[%clk 1:17:33]} 10. Be2 {[%clk 1:15:17]} cxd5
{[%clk 1:12:31]} 11. exd5 {[%clk 1:15:39]} O-O {[%clk 1:11:42]} 12. O-O
{[%clk 1:15:08]} Qc7 {[%clk 1:04:11]} 13. Nd4 {[%clk 1:08:42]} Nbd7
{[%clk 0:55:22]} 14. Bf3 {[%clk 1:02:53]} Nb6 {[%clk 0:51:18]} 15. Bf2
{[%clk 1:03:02]} Bd7 {[%clk 0:47:56]} 16. Qe2 {[%clk 0:49:41]} Rac8
{[%clk 0:42:07]} 17. Kh1 {[%clk 0:37:12]} Rfe8 {[%clk 0:35:05]} 18. g4
{[%clk 0:33:00]} Nc4 {[%clk 0:30:15]} 19. Nd1 {[%clk 0:32:45]} e5
{[%clk 0:21:28]} 20. dxe6 {[%clk 0:33:03]} fxe6 {[%clk 0:15:48]} 21. b3
{[%clk 0:29:46]} e5 {[%clk 0:14:55]} 22. Qxc4+ {[%clk 0:29:43]} Qxc4
{[%clk 0:15:19]} 23. bxc4 {[%clk 0:30:12]} exd4 {[%clk 0:14:46]} 24. Bxd4
{[%clk 0:28:21]} Nxg4 {[%clk 0:09:19]} 25. c3 {[%clk 0:25:56]} Bxd4
{[%clk 0:07:22]} 26. cxd4 {[%clk 0:26:01]} Rxc4 {[%clk 0:07:43]} 27. Rg1
{[%clk 0:20:56]} Rc2 {[%clk 0:06:27]} 28. Bg2 {[%clk 0:19:17]} Ree2
{[%clk 0:05:37]} 29. h3 {[%clk 0:19:15]} Rxg2 {[%clk 0:05:03]} 30. Rxg2
{[%clk 0:19:40]} Bc6 {[%clk 0:05:28]} 31. hxg4 {[%clk 0:19:55]} Rxg2
{[%clk 0:05:46]} 32. d5 {[%clk 0:20:22]} Bxd5 {[%clk 0:06:09]} 33. Ne3
{[%clk 0:20:48]} Ra2+ {[%clk 0:06:33]} 34. Nxd5 {[%clk 0:21:17]} Rxa1+
{[%clk 0:06:59]} 0-1

[Event "Praha"]
[Site "?"]
[Date "2023.01.12"]
[Round "8.19"]
[White "Nielsen, Andre"]
[Black "Zielonka, Adam"]
[Result "1/2-1/2"]
[BlackElo "2053"]
[WhiteElo "2212"]
[LiveChessVersion "1.4.8"]

1. e4 {[%clk 1:30:56]} c5 {[%clk 1:30:54]} 2. Nf3 {[%clk 1:31:08]} e6
{[%clk 1:31:16]} 3. d4 {[%clk 1:31:27]} cxd4 {[%clk 1:31:41]} 4. Nxd4
{[%clk 1:31:50]} Nc6 {[%clk 1:32:04]} 5. Nc3 {[%clk 1:31:54]} a6 {[%clk 1:32:28]}
6. Nxc6 {[%clk 1:30:35]} bxc6 {[%clk 1:32:50]} 7. Qg4 {[%clk 1:30:40]} d5
{[%clk 1:30:44]} 8. Qg3 {[%clk 1:30:25]} h5 {[%clk 1:30:05]} 9. h4
{[%clk 1:28:02]} d4 {[%clk 1:30:22]} 10. Nb1 {[%clk 1:27:14]} Nf6
{[%clk 1:30:43]} 11. e5 {[%clk 1:23:23]} Ne4 {[%clk 1:31:08]} 12. Qf3
{[%clk 1:23:39]} Qd5 {[%clk 1:31:27]} 13. Bd3 {[%clk 1:23:30]} Bb4+
{[%clk 1:31:48]} 14. Kf1 {[%clk 1:23:24]} Nc5 {[%clk 1:32:10]} 15. Qxd5
{[%clk 1:03:58]} exd5 {[%clk 1:32:27]} 16. Be2 {[%clk 1:01:47]} Ba5
{[%clk 1:25:31]} 17. Nd2 {[%clk 0:54:54]} Bf5 {[%clk 1:21:05]} 18. Nf3
{[%clk 0:50:31]} Ne6 {[%clk 1:20:09]} 19. Bd3 {[%clk 0:48:34]} Be4
{[%clk 1:07:52]} 20. Ng5 {[%clk 0:45:26]} Nxg5 {[%clk 1:05:53]} 21. hxg5
{[%clk 0:45:44]} Bxd3+ {[%clk 1:06:06]} 22. cxd3 {[%clk 0:46:06]} Kd7
{[%clk 1:03:06]} 23. f4 {[%clk 0:31:05]} g6 {[%clk 0:59:41]} 24. a3
{[%clk 0:30:26]} Bb6 {[%clk 0:56:29]} 25. Ke2 {[%clk 0:21:06]} a5
{[%clk 0:55:48]} 26. a4 {[%clk 0:17:51]} c5 {[%clk 0:53:48]} 27. b3
{[%clk 0:17:27]} Rab8 {[%clk 0:51:24]} 28. Rb1 {[%clk 0:11:52]} Ke6
{[%clk 0:47:02]} 29. Bd2 {[%clk 0:11:21]} Rhc8 {[%clk 0:42:13]} 30. Rhc1
{[%clk 0:09:45]} Rc7 {[%clk 0:38:00]} 31. Kf3 {[%clk 0:09:03]} Rcb7
{[%clk 0:37:24]} 32. Ke2 {[%clk 0:03:19]} Kd7 {[%clk 0:32:40]} 33. Kd1
{[%clk 0:01:40]} Kc6 {[%clk 0:24:21]} 34. Kc2 {[%clk 0:01:55]} Kd7
{[%clk 0:22:03]} 35. Kd1 {[%clk 0:02:04]} Ke6 {[%clk 0:20:56]} 36. Ke2
{[%clk 0:02:15]} Ba7 {[%clk 0:14:17]} 37. Bxa5 {[%clk 0:02:35]} Rxb3
{[%clk 0:14:44]} 38. Rxb3 {[%clk 0:02:56]} Rxb3 {[%clk 0:15:12]} 39. Bc7
{[%clk 0:01:28]} Rb2+ {[%clk 0:14:59]} 40. Kf1 {[%clk 0:01:01]} Rd2
{[%clk 0:06:42]} 41. Bd6 {[%clk 0:16:47]} Rxd3 {[%clk 0:35:35]} 42. Bxc5
{[%clk 0:16:51]} Bxc5 {[%clk 0:35:58]} 43. Rxc5 {[%clk 0:17:16]} Ra3
{[%clk 0:31:04]} 44. a5 {[%clk 0:15:39]} Kf5 {[%clk 0:22:08]} 45. Rxd5
{[%clk 0:12:34]} Ke4 {[%clk 0:20:59]} 46. e6 {[%clk 0:12:03]} fxe6
{[%clk 0:20:12]} 47. Re5+ {[%clk 0:12:23]} Kxf4 {[%clk 0:19:09]} 48. Rxe6
{[%clk 0:12:45]} Rxa5 {[%clk 0:18:07]} 49. Rd6 {[%clk 0:04:05]} Ke3
{[%clk 0:05:47]} 50. Re6+ {[%clk 0:04:17]} Kd2 {[%clk 0:05:55]} 51. Rxg6
{[%clk 0:04:23]} Rf5+ {[%clk 0:06:05]} 52. Kg1 {[%clk 0:04:46]} d3
{[%clk 0:03:00]} 53. Rg8 {[%clk 0:04:40]} Ke3 {[%clk 0:01:56]} 54. Re8+
{[%clk 0:01:58]} Kd4 {[%clk 0:02:02]} 55. Rd8+ {[%clk 0:01:59]} Ke4
{[%clk 0:02:25]} 56. g6 {[%clk 0:02:09]} Rg5 {[%clk 0:02:29]} 57. Re8+
{[%clk 0:01:55]} Kd4 {[%clk 0:02:19]} 58. Rd8+ {[%clk 0:02:08]} Ke4
{[%clk 0:02:43]} 1/2-1/2

[Event "Praha"]
[Site "?"]
[Date "2023.01.12"]
[Round "8.20"]
[White "O`cuilleanain, Oisin"]
[Black "Krasovskiy, Kirill"]
[Result "1-0"]
[BlackElo "2188"]
[WhiteElo "2064"]
[LiveChessVersion "1.4.8"]

1. d4 {[%clk 1:30:55]} e6 {[%clk 1:30:51]} 2. Nf3 {[%clk 1:30:52]} Nf6
{[%clk 1:30:56]} 3. c4 {[%clk 1:31:06]} d5 {[%clk 1:31:18]} 4. g3
{[%clk 1:29:34]} c6 {[%clk 1:25:51]} 5. Bg2 {[%clk 1:21:34]} Nbd7
{[%clk 1:24:38]} 6. O-O {[%clk 1:20:34]} Be7 {[%clk 1:24:51]} 7. Qc2
{[%clk 1:14:34]} O-O {[%clk 1:22:54]} 8. Nbd2 {[%clk 1:11:48]} b6
{[%clk 1:10:34]} 9. e4 {[%clk 1:02:03]} dxe4 {[%clk 1:09:19]} 10. Nxe4
{[%clk 1:02:26]} Bb7 {[%clk 1:07:46]} 11. Ne5 {[%clk 0:58:28]} Qc8
{[%clk 0:56:49]} 12. Nxd7 {[%clk 0:46:33]} Qxd7 {[%clk 0:54:57]} 13. Rd1
{[%clk 0:46:39]} Nxe4 {[%clk 0:38:00]} 14. Bxe4 {[%clk 0:44:23]} g6
{[%clk 0:33:18]} 15. h4 {[%clk 0:41:55]} Bf6 {[%clk 0:28:42]} 16. Be3
{[%clk 0:41:26]} Qe7 {[%clk 0:26:29]} 17. h5 {[%clk 0:34:00]} Rfd8
{[%clk 0:21:30]} 18. Rd2 {[%clk 0:29:40]} Rd7 {[%clk 0:15:52]} 19. a3
{[%clk 0:27:18]} Rad8 {[%clk 0:15:19]} 20. Rad1 {[%clk 0:27:17]} c5
{[%clk 0:09:37]} 21. dxc5 {[%clk 0:18:25]} Rxd2 {[%clk 0:08:58]} 22. Rxd2
{[%clk 0:18:48]} Rxd2 {[%clk 0:08:36]} 23. Bxd2 {[%clk 0:19:16]} bxc5
{[%clk 0:04:52]} 24. b4 {[%clk 0:18:47]} Bxe4 {[%clk 0:04:01]} 25. Qxe4 gxh5
{[%clk 0:04:30]} 26. b5 {[%clk 0:13:30]} Bd4 {[%clk 0:04:03]} 27. Bh6
{[%clk 0:12:09]} f5 {[%clk 0:03:47]} 28. Qa8+ {[%clk 0:10:33]} Kf7
{[%clk 0:04:13]} 29. a4 {[%clk 0:10:54]} h4 {[%clk 0:04:06]} 30. Kg2
{[%clk 0:10:06]} hxg3 {[%clk 0:03:54]} 31. fxg3 {[%clk 0:10:35]} Bc3
{[%clk 0:02:34]} 32. Qf3 {[%clk 0:09:38]} Qf6 {[%clk 0:01:22]} 33. Bf4
{[%clk 0:09:54]} Qd4 {[%clk 0:01:01]} 34. Qh5+ {[%clk 0:09:33]} Ke7
{[%clk 0:00:36]} 35. Qxh7+ {[%clk 0:08:03]} Ke8 {[%clk 0:01:05]} 36. Qg8+
{[%clk 0:07:47]} Kd7 {[%clk 0:00:43]} 37. Qf7+ {[%clk 0:08:02]} Kd8
{[%clk 0:00:59]} 38. Bg5+ {[%clk 0:07:40]} Kc8 {[%clk 0:01:24]} 39. Qxe6+
{[%clk 0:07:58]} Qd7 {[%clk 0:01:44]} 40. Qxd7+ {[%clk 0:06:58]} Kxd7
{[%clk 0:02:12]} 41. Kf3 {[%clk 0:07:15]} Ba5 {[%clk 0:01:03]} 42. Bf4
{[%clk 0:05:23]} Kc8 {[%clk 0:23:13]} 43. Be5 {[%clk 0:35:43]} Bd2
{[%clk 0:23:14]} 44. Bd6 {[%clk 0:35:43]} Bb4 {[%clk 0:22:37]} 45. Kf4
{[%clk 0:36:08]} Kb7 {[%clk 0:22:33]} 46. Kxf5 {[%clk 0:36:31]} Kb6
{[%clk 0:22:55]} 47. g4 {[%clk 0:36:31]} Ka5 {[%clk 0:22:59]} 48. g5
{[%clk 0:36:47]} Bd2 {[%clk 0:22:54]} 49. g6 {[%clk 0:35:12]} Bh6
{[%clk 0:23:19]} 50. Bxc5 {[%clk 0:35:32]} Kxa4 {[%clk 0:23:25]} 51. Bxa7
{[%clk 0:35:56]} 1-0